000 00901nam a22002891 4500
001 17583
003 BD-RjUL
005 20211209000149.0
008 140217s1942 nyu 001 1 eng d
035 _a(BD-RjUL)17641
035 _a(OCoLC)1308032
040 _aDLC
_cNOsU
_dOCoLC
_dDLC
_dBD-RjUL
_beng
041 _aeng
082 0 0 _a821.0822
_bMOD 1942
245 1 0 _aModern British poetry :
_ba critical anthology,
_cedited by Louis Untermeyer.
250 _a5th rev. ed.
260 _aNew York :
_bHarcourt, Brace & World,
_c1942.
300 _axxiii, 506 p. ;
_c24 cm.
500 _aIncludes biographical sketches of the poets.
504 _aIncludes index.
650 0 _aEnglish poetry
_y19th century.
_954204
650 0 _aEnglish poetry
_y20th century.
_953041
700 1 _aUntermeyer, Louis,
_d1885-1977,
_954205
942 _2ddc
_cBK
999 _c17583
_d17583